東京の地下鉄 生き物が入る駅名 - Statistics

General Stats
  • This quiz has been taken 8 times
  • The average score is 10 of 15
Answer Stats
Answer % Correct
虎ノ門
100%
虎ノ門ヒルズ
100%
馬喰横山
100%
牛込柳町
100%
牛込神楽坂
100%
人形町
67%
小伝馬町
67%
高田馬場
67%
西馬込
67%
馬込
67%
巣鴨
50%
西巣鴨
50%
辰巳
33%
練馬
33%
練馬春日町
33%
No matching quizzes found
Score Distribution
Percent of People with Each Score
Percentile by Number Answered
Your Score History
You have not taken this quiz